Heidegger y el nazismo /

¿Hay nazismo en Ser y tiempo? La historicidad en Ser y tiempo. La comunidad. El ser-con. 1933: Hitler, canciller del Reich. Relación de Heidegger con las SA de Rohm. 1933: Heidegger asume el rectorado de la Universidad de Friburgo; había rechazado el de la Universidad de Berlín: la verdad del campes...

Descripción completa

Guardado en:
Autor Principal: Feinmann, José Pablo
Autor Corporativo: Canal Encuentro.
Formato: Deslizar
Publicado: Argentina, 2009
Series:Filosofía aquí y ahora / Temporada 2
Materias:
Acceso en línea:https://www.educ.ar/recursos/50236/heidegger-y-el-nazismo
Etiquetas: Agregar Etiqueta
Sin Etiquetas, Sea el primero en etiquetar este registro!
LEADER 01498ngm a22003135g 4500
001 CEM.cems023362
008 130507s2009##################0###0#####d
005 20250328173335.0
245 1 0 |a Heidegger y el nazismo /  |c José Pablo Feinmann. 
260 |a Argentina,  |c 2009 
300 |a 28'. 
490 0 |a Filosofía aquí y ahora / Temporada 2 
538 |a Soporte: DVD - Color: Si - Grabación DRD. 
520 |a ¿Hay nazismo en Ser y tiempo? La historicidad en Ser y tiempo. La comunidad. El ser-con. 1933: Hitler, canciller del Reich. Relación de Heidegger con las SA de Rohm. 1933: Heidegger asume el rectorado de la Universidad de Friburgo; había rechazado el de la Universidad de Berlín: la verdad del campesino, sus ojos claros y su pipa. El Discurso del Rectorado: Todo lo grande se halla en medio de la tormenta. El curso de 1935: Introducción a la metafísica. Alemania: el centro de Occidente. El eje Atenas-Berlín. 
500 |a Consultar en ventanilla. 
590 |a Identificación anterior registrada en SIABUC: D62B 
100 1 |a Feinmann, José Pablo 
710 2 |a Canal Encuentro. 
082 1 0 |/ FEI-2 
653 |a HEIDEGGER 
653 |a FILOSOFIA 
653 |a NAZISMO 
653 |a FILOSOFIA AQUI Y AHORA 
653 |a FEINMANN 
653 |a METAFISICA 
653 |a HITLER 
653 |a SERIE DE TELEVISIÓN 
856 |u https://www.educ.ar/recursos/50236/heidegger-y-el-nazismo 
859 |a CEMS  |b BIB. CEMS - Depto. Recursos Didacticos  |h 100  |i FEI-2  |k DRD  |p 2005.15  |t Ej.1